[Event "Ctor por Equipos de Aragon-Division de Honor"]
[Site ""]
[Date "2023.02.11"]
[Round "3.11"]
[White "Fuster Garcia, Luis Miguel"]
[Black "Garcia Fernandez, Javier"]
[Result "1-0"]
[WhiteElo "2130"]
[BlackElo "2142"]
[PlyCount "0"]
[WhiteTeam "Marcos Frechin"]
[BlackTeam "Teruel"]
[EventDate "2023.01.28"]

1. e4 c5 2. Nc3 Nc6 3. g3 g6 4. Bg2 Bg7 5. d3 Nf6 6. Be3 d6 7. h3 Qa5 8. Qd2
Nd4 9. Nge2 Nxe2 10. Nxe2 Qxd2+ 11. Bxd2 Nd7 12. Rb1 Rb8 13. b4 b6 14. Bc3 O-O
15. b5 a5 16. f4 Bb7 17. Bxg7 Kxg7 18. O-O c4 19. d4 c3 20. e5 Rfc8 21. Rb3
Bxg2 22. Kxg2 Rc4 23. Rf3 dxe5 24. fxe5 f6 25. exf6+ Nxf6 26. Rbxc3 Rbc8 27.
Rxc4 Rxc4 28. Rc3 Rb4 29. Rb3 Rc4 30. c3 Ne4 31. Rb2 Kf7 32. h4 e5 33. dxe5 Ke6
34. Kf3 Kxe5 35. Rc2 Kd5 36. Ke3 Kc5 37. Kd3 Nf2+ 38. Ke3 Ng4+ 39. Kd2 Kxb5 40.
Nd4+ Kc5 41. Rb2 Ra4 42. Kd3 Ne5+ 43. Ke4 Nc4 44. Rb5+ Kd6 45. Rd5+ Ke7 46. Kd3
Nd6 47. Re5+ Kd7 48. Re2 Nb7 49. Rb2 Nc5+ 50. Ke3 Kc7 51. Nb5+ Kc6 52. Nd4+ Kb7
53. Nb3 Re4+ 54. Kf3 Rc4 55. Nxa5+ 1-0

[Event "Ctor por Equipos de Aragon-Division de Honor"]
[Site ""]
[Date "2023.02.11"]
[Round "3.12"]
[White "Dominguez Bujeda, Jesus"]
[Black "Miranda Herrera, Miguel"]
[Result "0-1"]
[WhiteElo "2064"]
[BlackElo "1976"]
[PlyCount "0"]
[WhiteTeam "Teruel"]
[BlackTeam "Marcos Frechin"]
[EventDate "2023.01.28"]

1. d4 e6 2. c4 f5 3. Nc3 Nf6 4. Bg5 Bb4 5. Qc2 Nc6 6. e3 h6 7. Bxf6 Qxf6 8. Nf3
d6 9. a3 Bxc3+ 10. Qxc3 e5 11. Be2 O-O 12. b4 f4 13. dxe5 dxe5 14. b5 fxe3 15.
bxc6 exf2+ 16. Kf1 Bg4 17. cxb7 Rab8 18. Rb1 Qg6 19. Bd3 e4 20. Ne5 exd3 21.
Nxg4 Qxg4 22. Qxd3 Rfd8 23. Qe2 Qf5 24. Rb5 Qf6 25. Re5 Qb6 26. Rb5 Qd4 27.
Qe6+ Kh8 0-1

[Event "Ctor por Equipos de Aragon-Division de Honor"]
[Site ""]
[Date "2023.02.11"]
[Round "3.13"]
[White "Garza Marco, Sergio"]
[Black "Forcen Esteban, Daniel"]
[Result "0-1"]
[WhiteElo "2397"]
[BlackElo "2576"]
[PlyCount "0"]
[WhiteTeam "Helios"]
[BlackTeam "Jaime Casas"]
[EventDate "2023.01.28"]

1. e4 e5 2. Nf3 Nc6 3. Bc4 Bc5 4. O-O Nf6 5. d3 d6 6. c3 a6 7. a4 Ba7 
8. b4 h6 9. Re1 O-O 10. h3 Ne7 11. Na3 Ng6 12. Ra2 c6 13. Bb3 d5 
14. Rae2 Bb8 15. c4 dxe4 16. dxe4 a5 17. bxa5 Nd7 18. Nb1 Re8 19. Rd2 Bc7 
20. Qc2 Bxa5 21. Nc3 Bb4 22. Red1 Qe7 23. Qb2 Nf6 24. Re2 Nh5 25. Rc2 Qf6 
26. Ne1 Nh4 27. c5 Bxc5 28. Nd5 cxd5 29. Rxc5 dxe4 30. Rc7 Rf8 31. Qe2 Qg6 
32. Ba3 Nf4 33. Qa2 Be6 34. Bxe6 Nxe6 35. Bxf8 Nxc7 36. Bd6 Rd8 0-1

[Event "Ctor por Equipos de Aragon-Division de Honor"]
[Site ""]
[Date "2023.02.11"]
[Round "3.14"]
[White "Antoli Royo, Joaquin Miguel"]
[Black "Eizaguerri Floris, Maria"]
[Result "1-0"]
[WhiteElo "2404"]
[BlackElo "2137"]
[PlyCount "0"]
[WhiteTeam "Jaime Casas"]
[BlackTeam "Helios"]
[EventDate "2023.01.28"]

1. d4 d5 2. c4 e6 3. Nc3 Nf6 4. cxd5 exd5 5. Bg5 c6 6. Qc2 Be7 7. e3 Nbd7 
8. Bd3 Nh5 9. Bxe7 Qxe7 10. O-O-O Nb6 11. Kb1 Bd7 12. Nf3 O-O-O 13. Ne5 Be8 
14. Rhe1 Kb8 15. f4 g6 16. Qb3 f6 17. Nf3 Ng7 18. a4 Ne6 19. g4 h5 20. g5 fxg5 
21. fxg5 Rf8 22. Ne5 Qxg5 23. a5 Nc8 24. Rc1 Nc5 25. Nxc6+ Bxc6 26. dxc5 Rf3 
27. Bb5 Qf6 28. a6 Bxb5 29. Nxb5 Qxa6 30. c6 Rdf8 31. Nd4 Rf2 32. Ne6 R8f6 
33. Qxd5 Rxe6 34. Qxe6 Qd3+ 35. Ka1 Qa6+ 36. Qa2 Qxa2+ 37. Kxa2 bxc6 38. Rxc6 Rxh2 
39. Rxg6 Nb6 40. Rg7 h4 41. e4 h3 42. e5 Rg2 43. Rxg2 hxg2 44. Rg1 Kc7 45. Rxg2 1-0

[Event "Ctor por Equipos de Aragon-Division de Honor"]
[Site ""]
[Date "2023.02.11"]
[Round "3.15"]
[White "Guzman Moneo, Alberto"]
[Black "Ramiro Ovejero, Juan Luis"]
[Result "0-1"]
[WhiteElo "2146"]
[BlackElo "2298"]
[PlyCount "0"]
[WhiteTeam "Helios"]
[BlackTeam "Jaime Casas"]
[EventDate "2023.01.28"]

1. e4 c5 2. Nc3 Nc6 3. Bb5 Nd4 4. Nf3 a6 5. Bd3 g6 6. Nxd4 cxd4 7. Ne2 Bg7 
8. O-O d5 9. Re1 dxe4 10. Bxe4 Nf6 11. Bf3 d3 12. cxd3 O-O 13. d4 Bg4 
14. Bxg4 Nxg4 15. d3 Bxd4 16. Nxd4 Qxd4 17. Qe2 Rad8 18. h3 Nf6 19. Bg5 Rfe8 
20. Rac1 Nd5 21. Rc4 Qg7 22. h4 f6 23. Bc1 Qf7 24. h5 gxh5 25. Rh4 Kh8 
26. a3 Rg8 27. Rxh5 Rg6 28. Qf3 Rd7 29. Re4 Qg8 30. Reh4 e5 31. d4 Rdg7 
32. Rh2 Qc8 33. Qd1 Qc6 34. f3 exd4 35. Bh6 Re7 36. Qxd4 Qc2 37. Bd2 Qd1+ 0-1

[Event "Ctor por Equipos de Aragon-Division de Honor"]
[Site ""]
[Date "2023.02.11"]
[Round "3.16"]
[White "Roque Sola, Jose Luis"]
[Black "Lorente Melcon, Maximo"]
[Result "0-1"]
[WhiteElo "2217"]
[BlackElo "1980"]
[PlyCount "0"]
[WhiteTeam "Jaime Casas"]
[BlackTeam "Helios"]
[EventDate "2023.01.28"]

1. e4 c5 2. Nf3 e6 3. d4 cxd4 4. Nxd4 Nf6 5. Bd3 Nc6 6. Nxc6 bxc6 7. O-O d5 
8. Qe2 Be7 9. Nc3 O-O 10. b3 Nd7 11. Na4 Nb6 12. Nb2 f5 13. exd5 exd5 14. c3 Bd6 
15. a4 a5 16. f4 Re8 17. Qf3 Qf6 18. Bd2 Bb7 19. Rae1 c5 20. Bb5 Re4 21. Qd3 Rd8 
22. Nd1 c4 23. Qc2 d4 24. cxd4 Qg6 25. Bxc4+ Nxc4 26. Qxc4+ Kh8 27. Rxe4 Bxe4 
28. Ne3 h5 29. Be1 Bb8 30. Bxa5 Re8 31. Rf2 h4 32. Bd2 h3 33. g3 Ba7 34. a5 Rd8 
35. Bc3 Kh7 36. b4 Qe8 37. b5 Rc8 38. Qb4 Bd3 39. b6 Qxe3 40. bxa7 Qc1+ 41. Be1 Re8 
42. Rf1 Bxf1 43. Kxf1 Qc6 0-1

[Event "Ctor por Equipos de Aragon-Division de Honor"]
[Site ""]
[Date "2023.02.11"]
[Round "3.17"]
[White "Laliena Solanes, Luis"]
[Black "Pellicer Cerezuela, Miguel"]
[Result "0-1"]
[WhiteElo "2196"]
[BlackElo "2043"]
[PlyCount "0"]
[WhiteTeam "ONCE C. A. Aragon"]
[BlackTeam "L'Aurora Estadilla"]
[EventDate "2023.01.28"]

1. d4 e6 2. Nf3 Nf6 3. Bg5 d5 4. e3 Be7 5. Nbd2 O-O 6. Bd3 c5 7. c3 Nbd7 8. O-O
a6 9. Ne5 Nxe5 10. dxe5 Nd7 11. Bxe7 Qxe7 12. f4 f6 13. Qh5 f5 14. g4 g6 15.
Qh6 b6 16. gxf5 exf5 17. Nf3 c4 18. Bc2 Nc5 19. Rf2 Ra7 20. Rd1 Be6 21. Ng5 Rd7
22. Rg2 Qg7 23. Qxg7+ Kxg7 24. b4 cxb3 25. axb3 Bg8 26. Rgd2 h6 27. Nf3 Ne4 28.
Bxe4 fxe4 29. Nd4 Rc7 30. Rc1 Rfc8 31. Rdc2 Rc5 32. b4 Rc4 33. f5 Re8 34. Ra1
a5 35. bxa5 bxa5 36. f6+ Kf8 37. Rxa5 Rxe5 38. Ra7 Be6 39. Re7 Rg5+ 40. Kf2 Bh3
41. Ne6+ Bxe6 42. Rxe6 Kf7 43. Rd6 Rf5+ 44. Ke2 Rxf6 45. Rxd5 Ra6 46. Kd2 Ke6
47. Rd4 Rca4 48. Rb2 Kf5 49. Rxa4 Rxa4 50. Kc2 Kg4 51. Kb3 Ra6 52. Rf2 g5 53.
c4 Rd6 54. c5 Rd3+ 55. Kc4 Rxe3 56. Kd4 Re1 57. Rc2 Kf3 58. c6 Rd1+ 59. Ke5 Rd8
60. c7 Rc8 61. Rc3+ e3 62. Kd4 Kf2 63. Kd3 e2 64. Rc2 Rxc7 65. Rxe2+ Kf3 66.
Re6 Rd7+ 67. Kc2 h5 68. Re5 Kf4 69. Rb5 h4 70. Rb3 g4 71. h3 g3 72. Rb4+ Kf3
73. Rxh4 g2 74. Rg4 Kf2 75. Rf4+ Kg3 0-1

[Event "Ctor por Equipos de Aragon-Division de Honor"]
[Site ""]
[Date "2023.02.11"]
[Round "3.18"]
[White "Cid Royo, Oscar"]
[Black "Gavin Roche, Enrique"]
[Result "0-1"]
[WhiteElo "1998"]
[BlackElo "2201"]
[PlyCount "0"]
[WhiteTeam "L'Aurora Estadilla"]
[BlackTeam "ONCE C. A. Aragon"]
[EventDate "2023.01.28"]

1. d4 d5 2. Nf3 Nf6 3. g3 c6 4. Bg2 Bg4 5. Ne5 Bh5 6. c4 e6 7. Nc3 Nbd7 8. cxd5
exd5 9. Bg5 Be7 10. Qb3 Rb8 11. Bf4 Nxe5 12. dxe5 Nd7 13. e6 Nc5 14. exf7+ Bxf7
15. Qd1 Ra8 16. O-O O-O 17. Rc1 Kh8 18. a3 a5 19. Na4 Nxa4 20. Qxa4 Bf6 21. b4
axb4 22. Qxb4 Qd7 23. Qd6 Rfd8 24. Qxd7 Rxd7 25. Bh3 Re7 26. Rb1 Bg6 27. Rb6
Bd4 28. Bd6 Bxb6 29. Bxe7 Re8 0-1

[Event "Ctor por Equipos de Aragon-Division de Honor"]
[Site ""]
[Date "2023.02.11"]
[Round "3.19"]
[White "Cobo Garrido, Diego Israel"]
[Black "Ayensa Garcia, Miguel Angel"]
[Result "1-0"]
[WhiteElo "2076"]
[BlackElo "1950"]
[PlyCount "0"]
[WhiteTeam "ONCE C. A. Aragon"]
[BlackTeam "L'Aurora Estadilla"]
[EventDate "2023.01.28"]

1. e4 c5 2. Nf3 e6 3. d4 cxd4 4. Nxd4 Nf6 5. Nc3 Nc6 6. Ndb5 d6 7. Bf4 e5 8.
Bg5 a6 9. Na3 Be7 10. Bxf6 gxf6 11. Qh5 b5 12. Nd5 Be6 13. c3 Qa5 14. Nc2 f5
15. Bd3 f4 16. a4 Bxd5 17. exd5 Nd4 18. Nxd4 exd4 19. O-O b4 20. c4 O-O-O 21.
Rfe1 Qc7 22. Qxf7 Rde8 23. c5 dxc5 24. Bxa6+ Kd8 25. Bb5 Ref8 26. Qe6 Rf6 27.
Qe4 Qa7 28. a5 Bd6 29. a6 h5 30. Bc6 h4 31. Ra5 Rg8 32. Rb5 1-0

[Event "Ctor por Equipos de Aragon-Division de Honor"]
[Site ""]
[Date "2023.02.11"]
[Round "3.20"]
[White "Felez Casedas, Carlos"]
[Black "Fuertes Garay, Javier"]
[Result "1/2-1/2"]
[WhiteElo "1940"]
[BlackElo "1994"]
[PlyCount "0"]
[WhiteTeam "L'Aurora Estadilla"]
[BlackTeam "ONCE C. A. Aragon"]
[EventDate "2023.01.28"]


1. Nf3 Nf6 2. b3 e6 3. Bb2 Be7 4. e3 O-O 5. Be2 c5 6. O-O d5 7. d3 b6 8. Nbd2
Bb7 9. Ne5 Nbd7 10. f4 Nxe5 11. fxe5 Nd7 12. Bg4 Bg5 13. Qe2 Qe7 14. Nf3 Bh6
15. Rae1 Rac8 16. c4 Rcd8 17. Kh1 Nb8 18. Nd2 Rd7 19. cxd5 Bxd5 20. Bf3 Rfd8
21. Ne4 Bxe4 22. Bxe4 g6 23. Rf3 Bg7 24. Ref1 Qg5 25. Rg3 Qe7 26. Rgf3 Qg5 27.
Rg3 Qe7 28. Qg4 Na6 29. Rgf3 Qf8 30. a3 Nc7 31. Rh3 Qe7 32. Rhf3 Qf8 33. h4 Bh8
34. h5 Qh6 35. Rh3 Qg7 36. hxg6 fxg6 37. Rf6 Rf7 38. Bxg6 Rxf6 39. exf6 Qxg6
40. Qxg6+ hxg6 41. f7+ Kxf7 42. Rh7+ Ke8 43. Rxh8+ Kd7 44. Rxd8+ Kxd8 45. Kg1
Kd7 46. Be5 Nd5 47. Kf2 b5 48. e4 Ne7 49. Ke3 Nc6 50. Bc3 b4 51. axb4 cxb4 52.
Bd4 Na5 53. Bxa7 Nxb3 54. d4 Na5 55. Kd3 Kc6 56. Bc5 Kb5 57. Bf8 Nc4 58. d5
exd5 59. exd5 Nb6 60. d6 Nd7 61. Bg7 Kc5 62. Bh8 Kd5 63. Bg7 1/2-1/2

[Event "Ctor por Equipos de Aragon-Division de Honor"]
[Site ""]
[Date "2023.02.11"]
[Round "3.21"]
[White "Aranaz Murillo, Amalia"]
[Black "Arrieta Restrepo, Steven"]
[Result "0-1"]
[WhiteElo "2265"]
[BlackElo "2039"]
[PlyCount "0"]
[WhiteTeam "Palacio De Pioneros B"]
[BlackTeam "Monzon"]
[EventDate "2023.01.28"]

1. Nf3 Nf6 2. c4 e6 3. g3 b6 4. Bg2 Bb7 5. O-O c5 6. Nc3 Be7 7. Re1 O-O 8. e4
d6 9. d4 cxd4 10. Nxd4 Nbd7 11. Be3 Ne5 12. b3 Rb8 13. h3 Qd7 14. f4 Ng6 15. h4
h5 16. f5 Ne5 17. Bg5 Nfg4 18. Bf4 Bf6 19. Rc1 Rbd8 20. fxe6 fxe6 21. Nf3 Qc8
22. Rc2 Qc5+ 23. Kh1 Nf2+ 24. Rxf2 Qxf2 25. Nd4 Nd3 0-1

[Event "Ctor por Equipos de Aragon-Division de Honor"]
[Site ""]
[Date "2023.02.11"]
[Round "3.22"]
[White "Barranco Mananet, Fernando"]
[Black "Sacristan Latorre, Alberto"]
[Result "1-0"]
[WhiteElo "2005"]
[BlackElo "2100"]
[PlyCount "0"]
[WhiteTeam "Monzon"]
[BlackTeam "Palacio De Pioneros B"]
[EventDate "2023.01.28"]

1. e4 c5 2. Nf3 d6 3. Bb5+ Nd7 4. O-O Ngf6 5. Re1 g6 6. c3 Bg7 7. d4 O-O 8. h3
a6 9. Bf1 e5 10. dxe5 dxe5 11. Bg5 Qc7 12. c4 h6 13. Bxf6 Nxf6 14. Nc3 Be6 15.
Qc2 Ne8 16. Rac1 Rc8 17. Nd5 Bxd5 18. cxd5 b5 19. a4 Nd6 20. b3 Qe7 21. Nd2 f5
22. Qd3 h5 23. Qg3 Kh7 24. exf5 gxf5 25. Nf3 Ne4 26. Rxe4 fxe4 27. Ng5+ Kh6 28.
Nxe4 Rf4 29. Bd3 c4 30. bxc4 bxc4 31. Bc2 Rd8 32. d6 Qf7 33. Qe3 h4 34. g3 Rg8
35. Kh2 Bh8 36. gxf4 exf4 37. Qf3 Be5 38. Rg1 Rxg1 39. Kxg1 Qg6+ 40. Qg4 Qxg4+
41. hxg4 Kg7 42. d7 Bc7 43. Nc5 Kf7 44. Nxa6 Ba5 45. Nb8 Ke6 46. Nc6 1-0

[Event "Ctor por Equipos de Aragon-Division de Honor"]
[Site ""]
[Date "2023.02.11"]
[Round "3.23"]
[White "Colom Sienes, Eduardo"]
[Black "Hidalgo Gracia, Andres"]
[Result "0-1"]
[WhiteElo "2086"]
[BlackElo "1852"]
[PlyCount "0"]
[WhiteTeam "Palacio De Pioneros B"]
[BlackTeam "Monzon"]
[EventDate "2023.01.28"]


1. e4 d5 2. exd5 Qxd5 3. Nc3 Qd6 4. d4 c6 5. Bc4 Nf6 6. Nge2 Bf5 7. O-O e6 8.
Ng3 Bg6 9. f4 Bxc2 10. Qe2 Be7 11. f5 O-O 12. fxe6 Bg6 13. exf7+ Kh8 14. Kh1
Bxf7 15. Nf5 Bxc4 16. Qxc4 Qd7 17. Bg5 Na6 18. Nxe7 Qxe7 19. d5 cxd5 20. Nxd5
Qe6 21. Bxf6 Rxf6 22. Rxf6 gxf6 23. Qd4 Qe5 24. Qc4 Re8 25. Rf1 Qe6 26. Qb3 Nc5
27. Qf3 Rf8 28. b3 Nd7 29. Ne3 b6 30. Nf5 Ne5 31. Qb7 Qf7 32. Qe4 Rd8 33. Kg1
Qd7 34. Qh4 Rf8 35. Qh6 Qf7 36. Qf4 Qd7 37. Re1 Qf7 38. h3 Nd3 39. Qe3 Nxe1 40.
Qxe1 Re8 41. Qg3 Re5 42. Qf3 Qe8 43. g4 Re1+ 44. Kf2 Qe4 45. Qc3 Re2+ 46. Kg3
Qe5+ 47. Qxe5 Rxe5 48. Kf2 Ra5 49. a4 Rc5 50. Nd4 Rc3 51. h4 Rd3 52. Nb5 Rxb3
53. Nxa7 Rb4 54. Nc8 Rxa4 55. Nxb6 Rxg4 56. Nd5 Kg7 57. Ne3 Ra4 58. Kf3 Kg6 59.
Nd5 Kf5 60. Ne7+ Ke6 61. Nc6 Kd6 62. Nb8 Kc7 0-1

[Event "Ctor por Equipos de Aragon-Division de Honor"]
[Site ""]
[Date "2023.02.11"]
[Round "3.24"]
[White "Rodriguez Aranda, Kevin"]
[Black "Gomez Salinas, Nestor"]
[Result "1-0"]
[WhiteElo "1791"]
[BlackElo "2048"]
[PlyCount "0"]
[WhiteTeam "Monzon"]
[BlackTeam "Palacio De Pioneros B"]
[EventDate "2023.01.28"]

1. e4 c5 2. Nf3 d6 3. d4 cxd4 4. Nxd4 Nf6 5. Nc3 a6 6. Bg5 e6 7. Qd2 Be7 8. Bc4
b5 9. Bxf6 Bxf6 10. Bb3 Bd7 11. O-O O-O 12. Rad1 Qb6 13. Nce2 Rd8 14. Kh1 Nc6
15. f4 Na5 16. Ng3 g6 17. f5 Nxb3 18. axb3 Bxd4 19. Qxd4 Qxd4 20. Rxd4 Bc6 21.
fxe6 fxe6 22. Rf6 d5 23. e5 Re8 24. Ne2 Bd7 25. g4 Rac8 26. c3 g5 27. Ng3 Red8
28. Nh5 Rc6 29. Rh6 Rf8 30. Nf6+ Rxf6 31. Rxf6 a5 32. Kg2 Be8 33. Kg3 Bg6 34.
Rxd5 b4 35. Rd8+ Kg7 36. Rd7+ Kg8 37. c4 a4 38. Rd6 Rc8 39. Rdxe6 axb3 40. Rc6
Ra8 41. Ra6 Rc8 42. Rfc6 Rd8 43. Rd6 Rc8 44. Ra7 Be4 45. c5 Rf8 46. Rf6 Rd8 47.
e6 Re8 48. h4 h6 49. Rxh6 gxh4+ 50. Kxh4 Bd5 51. e7 Kf7 52. g5 Be4 53. Rf6+ Kg7
54. Rf8 Bc6 55. Rxe8 Bxe8 56. Ra8 Kf7 57. Rxe8 Kxe8 58. g6 Kxe7 59. c6 1-0

[Event "Ctor por Equipos de Aragon-Division de Honor"]
[Site ""]
[Date "2023.02.11"]
[Round "3.25"]
[White "Ramon Perez, Jose Luis"]
[Black "Moreno Gracia, Daniel"]
[Result "1-0"]
[WhiteElo "2166"]
[BlackElo "2301"]
[PlyCount "0"]
[WhiteTeam "Fraga"]
[BlackTeam "Iberajedrez Mundo 64"]
[EventDate "2023.01.28"]

1. e4 c5 2. Nc3 d6 3. Nf3 a6 4. d4 cxd4 5. Nxd4 Nf6 6. Bc4 e6 7. Bb3 b5 8. Qf3
Qb6 9. Be3 Qb7 10. O-O-O b4 11. Na4 Nbd7 12. Rhe1 Qxe4 13. Qe2 Bb7 14. f3 Qe5
15. Qd2 Qa5 16. a3 d5 17. g4 Nc5 18. Nxc5 Bxc5 19. Nf5 O-O 20. Bxc5 Qxc5 21.
Nxg7 Ne8 22. axb4 Qe7 23. Nh5 Kh8 24. Qd4+ f6 25. g5 Qf7 26. Nxf6 Nxf6 27. gxf6
Rac8 28. Rxe6 Bc6 29. Rg1 Rfe8 30. Re7 1-0

[Event "Ctor por Equipos de Aragon-Division de Honor"]
[Site ""]
[Date "2023.02.11"]
[Round "3.26"]
[White "Lopez Gracia, Fernando"]
[Black "Vallverdu Miret, Oscar"]
[Result "1/2-1/2"]
[WhiteElo "2259"]
[BlackElo "2086"]
[PlyCount "0"]
[WhiteTeam "Iberajedrez Mundo 64"]
[BlackTeam "Fraga"]
[EventDate "2023.01.28"]

1. c4 c6 2. d4 d5 3. cxd5 cxd5 4. Nf3 Nf6 5. Nc3 e6 6. Bf4 Bd6 7. Bg3 O-O 8. e3
b6 9. a3 Ba6 10. Nb5 Bxb5 11. Bxb5 a6 12. Bd3 Nc6 13. Rc1 Ne7 14. Ne5 b5 15.
O-O Rc8 16. Bh4 Ng6 17. Bxg6 hxg6 18. Qf3 Be7 19. Rc6 Rxc6 20. Nxc6 Qd7 21.
Nxe7+ Qxe7 22. Rc1 b4 23. Bxf6 gxf6 24. Rc5 bxa3 25. bxa3 Qb7 26. g3 Kg7 27.
Qd1 Rb8 28. Qc2 g5 29. Kg2 Qb3 30. Qxb3 Rxb3 31. Ra5 Rb6 32. g4 Kf8 33. Kg3 Rc6
34. h4 gxh4+ 35. Kxh4 Kg7 36. Kg3 Kf8 37. Kf4 Rb6 38. f3 Rc6 39. Rc5 Rb6 40. e4
Rd6 41. exd5 Rxd5 42. Ke4 Rd6 43. a4 Kg7 44. f4 Kf8 45. Rc8+ Ke7 46. Ra8 Rc6
47. Ra7+ Kf8 48. a5 Rd6 49. f5 Ke8 50. Ra8+ Ke7 51. Ra7+ Ke8 52. Ra8+ Ke7 53.
Ra7+ Ke8 1/2-1/2

[Event "Ctor por Equipos de Aragon-Division de Honor"]
[Site ""]
[Date "2023.02.11"]
[Round "3.27"]
[White "Aribau Rivas, Miguel Angel"]
[Black "Palacios Latasa, Elias"]
[Result "0-1"]
[WhiteElo "2036"]
[BlackElo "2171"]
[PlyCount "0"]
[WhiteTeam "Fraga"]
[BlackTeam "Iberajedrez Mundo 64"]
[EventDate "2023.01.28"]

1. e4 e5 2. Nf3 Nc6 3. Bc4 Nf6 4. d3 h6 5. c3 d6 6. Nbd2 g5 7. h3 Bg7 8. Nf1
O-O 9. Ng3 d5 10. exd5 Nxd5 11. Nh5 Be6 12. Nxg7 Kxg7 13. Qe2 Qd6 14. Bd2 Rfe8
15. O-O-O Nb6 16. Bxe6 Rxe6 17. Qe4 Qd5 18. a3 Qb3 19. Qe2 Na4 20. Be1 Qa2 21.
Qc2 Nc5 22. Qb1 Qd5 23. Qc2 Rd8 24. Kb1 e4 25. c4 Qf5 26. Bc3+ Kg6 27. d4 exf3
28. Qxf5+ Kxf5 29. g4+ Kg6 30. dxc5 Rxd1+ 31. Rxd1 Re2 32. Rd2 Rxd2 33. Bxd2 f5
34. gxf5+ Kxf5 35. h4 0-1

[Event "Ctor por Equipos de Aragon-Division de Honor"]
[Site ""]
[Date "2023.02.11"]
[Round "3.28"]
[White "Villalba Embid, Marcos"]
[Black "Chine Infantes, Miguel Angel"]
[Result "1-0"]
[WhiteElo "2125"]
[BlackElo "1814"]
[PlyCount "0"]
[WhiteTeam "Iberajedrez Mundo 64"]
[BlackTeam "Fraga"]
[EventDate "2023.01.28"]

1. e4 b6 2. d4 Bb7 3. Bd3 e6 4. Qe2 Nf6 5. Nf3 h6 6. Nbd2 Nc6 7. c3 d6 8. O-O
Be7 9. e5 dxe5 10. dxe5 Nd7 11. Rd1 Bg5 12. Nf1 Bxc1 13. Raxc1 Qe7 14. b4 O-O
15. Ng3 Rad8 16. Re1 Ndxe5 17. Be4 Nxf3+ 18. Bxf3 Ba8 19. Qc4 Qe8 20. Qg4 Ne7
21. Nh5 Ng6 22. Bd1 Rd5 23. h4 Qe7 24. Bb3 Rf5 25. Qxf5 exf5 26. Rxe7 Nxe7 27.
Rd1 Bc6 28. Nf4 g6 29. h5 Kg7 30. hxg6 Nxg6 31. Nh5+ Kh8 32. Rd4 f4 33. Nxf4
Nxf4 34. Rxf4 f5 35. Bc2 Bd5 36. a3 Be6 37. Kf1 Kg7 38. Ke2 h5 39. g3 Kf6 40.
Kd2 Rd8+ 41. Kc1 Kg5 42. Bd1 Rd3 43. Kc2 Rd8 44. Be2 Re8 45. Kd3 Rd8+ 46. Kc2
Rd6 47. Rh4 Bf7 48. a4 Be8 49. b5 Bf7 50. Bc4 Be6 51. Kb3 c5 52. bxc6 Rxc6 53.
Bxe6 Rxe6 54. Rd4 a5 55. Kc4 Re2 56. Rf4 Rb2 57. Kd5 Rb3 58. Kc6 Kf6 59. Rc4
Rb2 60. Rf4 Kg5 61. Kb7 b5 62. axb5 Rxb5+ 63. Kc6 Rb3 64. c4 Rb4 65. Kc5 Rb2
66. Kd6 Rd2+ 67. Kc6 Rb2 68. c5 Rb4 69. Kd7 Rb1 70. Rc4 Rb4 71. Rf4 Rxf4 72.
gxf4+ Kxf4 73. c6 Kf3 74. c7 Kxf2 75. c8=Q f4 76. Qc2+ Ke3 77. Qc1+ Ke4 78. Ke6
f3 79. Qd2 h4 80. Kf6 h3 81. Kg5 h2 82. Qxh2 Ke3 83. Qe5+ 1-0

[Event "Ctor por Equipos de Aragon-Division de Honor"]
[Site ""]
[Date "2023.02.11"]
[Round "3.29"]
[White "Ruperez Benito, Antonio"]
[Black "Llanes Luno, Ricardo"]
[Result "1/2-1/2"]
[WhiteElo "2315"]
[BlackElo "2164"]
[PlyCount "0"]
[WhiteTeam "Palacio De Pioneros A"]
[BlackTeam "Delicias"]
[EventDate "2023.01.28"]

1. e4 c5 2. Nf3 e6 3. b3 Nc6 4. Bb5 Nd4 5. Nxd4 cxd4 6. O-O a6 7. Bd3 g6 8. a4
Bg7 9. Na3 Ne7 10. Re1 d5 11. Bb2 O-O 12. exd5 exd5 13. c3 Nc6 14. Nc2 dxc3 15.
dxc3 Be6 16. Rb1 Rc8 17. b4 Re8 18. b5 axb5 19. Bxb5 Qh4 20. Nd4 Bg4 21. Rxe8+
Rxe8 22. Qf1 Nxd4 23. cxd4 Rc8 24. Rc1 Qe7 25. h3 Bf5 26. Rxc8+ Bxc8 27. Qc1
Bf5 28. Qc3 h5 29. Ba3 Qe4 30. Bc5 Bh6 31. Bd6 Bg7 32. Bc5 Bh6 33. Bd6 Bg7 34.
Bc5 Bh6 1/2-1/2

[Event "Ctor por Equipos de Aragon-Division de Honor"]
[Site ""]
[Date "2023.02.11"]
[Round "3.30"]
[White "Lamas Mercadal, Manuel"]
[Black "Romero Pallares, Daniel"]
[Result "0-1"]
[WhiteElo "2107"]
[BlackElo "2280"]
[PlyCount "0"]
[WhiteTeam "Delicias"]
[BlackTeam "Palacio De Pioneros A"]
[EventDate "2023.01.28"]

1. d4 Nf6 2. Bg5 e6 3. e4 c5 4. d5 h6 5. Bxf6 Qxf6 6. Nc3 d6 7. Nf3 e5 8. h3 g6
9. Be2 Bg7 10. O-O O-O 11. Nd2 Qe7 (11... a6 12. a4 b6 13. Nc4 Nd7) 12. Nc4 f5
13. a4 Rd8 14. Qd3 Na6 15. Qg3 Kh7 16. f4 exf4 17. Qxf4 g5 (17... Nb4 18. Rac1)
18. Qd2 f4 19. e5 Bxe5 20. Bd3+ Kg7 21. Rae1 Nb4 22. Kh1 Rf8 (22... Nxd3 23.
Qxd3) 23. Ne4 Nxd3 24. cxd3 Bd4 (24... Qc7 25. Nxe5 dxe5) 25. Nexd6 Qd7 (25...
Qd8) 26. Qe2 Be3 27. Qf3 g4 28. hxg4 Qxg4 29. Rxe3 Qh4+ 30. Kg1 Bg4 31. g3 (31.
Re7+ Qxe7 (31... Kg8 32. Qe4) 32. Qxg4+ Kh8 (32... Kh7 33. Rxf4 Rxf4 34. Qxf4)
33. Rxf4) 31... fxg3 32. Re7+ (32. Qg2 Rxf1+ 33. Kxf1 Bh3 34. Rxg3+ Qxg3 35.
Nf5+ Kf6 36. Nxg3 Bxg2+ 37. Kxg2 Rd8 38. d6 Ke6 39. Kf3 Rh8) 32... Kg8 33.
Qxf8+ Rxf8 34. Rxf8+ Kxf8 0-1

[Event "Ctor por Equipos de Aragon-Division de Honor"]
[Site ""]
[Date "2023.02.11"]
[Round "3.31"]
[White "Lacruz Algarate, Alvaro"]
[Black "Roche Simon, Manuel Angel"]
[Result "0-1"]
[WhiteElo "2113"]
[BlackElo "1985"]
[PlyCount "0"]
[WhiteTeam "Palacio De Pioneros A"]
[BlackTeam "Delicias"]
[EventDate "2023.01.28"]

1. e4 c5 2. Nf3 e6 3. c3 d5 4. e5 Qb6 5. d4 Bd7 6. Bd3 Bb5 7. O-O Bxd3 8. Qxd3
Nc6 9. Na3 cxd4 10. cxd4 a6 11. Nc2 Qb5 12. Qd1 Rc8 13. b3 Nb4 14. Ne3 Qd3 15.
Bd2 Nc6 16. Rc1 Ba3 17. Rc3 Qb5 18. Nc2 Bf8 19. Ng5 h6 20. Qh5 g6 21. Qh3 Bg7
22. Nxe6 fxe6 23. Qxe6+ Nge7 24. Ne3 Rd8 25. Nc2 Rf8 26. Bc1 Rf7 27. Ba3 Qa5
28. Rxc6 bxc6 29. Bxe7 Rxe7 30. Qxc6+ Kf7 31. f4 Qc7 32. e6+ Kg8 33. Nb4 a5 34.
Nxd5 Rxd5 35. Qxd5 Qb6 36. Rd1 Qxe6 37. Qxe6+ Rxe6 38. d5 Rd6 39. Kf2 Kf7 40.
Kf3 Ke7 41. g4 Rb6 42. f5 gxf5 43. gxf5 Be5 44. Kg4 Kf6 45. Rc1 Rb4+ 46. Kh5
Kxf5 47. h4 Bf6 48. Rf1+ Ke5 49. Kxh6 Rxh4+ 50. Kg6 Rg4+ 51. Kf7 Rg7+ 52. Kf8
Rd7 53. a3 Rxd5 54. b4 Ke6 55. Re1+ Be5 56. Kg8 a4 57. Rc1 Rd3 58. Rc6+ Kd5 59.
Ra6 Rxa3 60. Ra5+ Kd6 61. Ra6+ Kc7 62. Kf7 Bd4 0-1

[Event "Ctor por Equipos de Aragon-Division de Honor"]
[Site ""]
[Date "2023.02.11"]
[Round "3.32"]
[White "Martinez Blanco, Ruben"]
[Black "Dan, Teodor"]
[Result "1-0"]
[WhiteElo "1317"]
[BlackElo "2045"]
[PlyCount "0"]
[WhiteTeam "Delicias"]
[BlackTeam "Palacio De Pioneros A"]
[EventDate "2023.01.28"]

1. e4 g6 2. d4 Bg7 3. Nc3 d6 4. f4 Nf6 5. Nf3 O-O 6. Be3 b6 7. Bd3 Bb7 8. Qe2
c5 9. h3 cxd4 10. Nxd4 Nbd7 11. Nb3 a6 12. g4 Qc7 13. O-O-O b5 14. a3 Nb6 15.
Na5 Nbd5 16. Nxd5 Bxd5 17. Bd2 Be6 18. f5 Bd7 19. h4 Rfc8 20. h5 g5 21. h6 Bh8
22. Qe3 Kf8 23. Qxg5 d5 24. exd5 Nxd5 25. Nb3 Qe5 26. f6 Qxg5 27. Bxg5 Nxf6 28.
Bxf6 exf6 29. Bf5 Bxf5 30. gxf5 Rc4 31. Rd4 Rxd4 32. Nxd4 Re8 33. Rf1 Re4 34.
Nf3 Rf4 35. Nd2 Rh4 36. Nb3 Rxh6 37. Nc5 a5 38. Nb7 Rh3 39. Nxa5 Ke7 40. Nc6+
Kd6 41. Nd8 Bg7 42. Re1 Rf3 43. Nxf7+ Kd7 44. Rd1+ Kc6 45. Nd6 Bf8 46. Ne4 Rxf5
47. Rh1 h6 48. Nd2 Rd5 49. Ne4 f5 50. Nc3 Re5 51. Kd2 Re6 52. Ne2 Be7 53. Nd4+
Kd5 54. Nxe6 Kxe6 55. Rxh6+ Kd5 56. Rh5 Ke4 57. Rh8 Kf3 58. Rb8 Kg2 59. Rxb5
1-0